Библиотека Д-р Ив. Селимински (Запис номер 345723)
[ съкратено ]
| 000 -Лидер | |
|---|---|
| Контролно поле с фиксирана дължина | 01517nam a2200301 c 4500 |
| 003 - Код на организацията, давaща контролен номер | |
| Контролно поле | BLK |
| 005 - Дата и час на последна редакция | |
| Контролно поле | 20240807141301.0 |
| 008 - Елементи от данни с фиксирана дължина | |
| fixed length control field | 180911b bul|||||r ||||||| ||bul|| |
| 010 ## - Наследен системен номер | |
| LC control number | 002250 |
| 040 ## - Източник на каталожния запис | |
| Идентификатор на билиотеката - собственик на записа | BLK |
| 041 ## - Код за език | |
| Код за езика на текст/звукозапис или на отделно заглавие | Български |
| Код за езика КДБФ | Български |
| 080 ## - УДК | |
| Текстов определител УДК | Църковен национален въпрос. Обособяване на самостоятелна българска църква. Създаване на Българска екзархия |
| УДК код - определител по УДК | 94(497.2)"1870" |
| УДК - код + определител | 94(497.2)"1870" |
| 100 1# - Редна дума - Автор | |
| Автор | Селимински, Иван Георгиев |
| Дати, свързани с автора | 1799 - 1867 |
| Авторска отговорност | първи автор |
| R(LIN) | 119509 |
| 139 ## - Редно поле | |
| Редна дума | Селимински, Иван Георгиев |
| 245 00 - Сведения за заглавието | |
| Заглавие | Библиотека Д-р Ив. Селимински |
| Подзаглавни данни | Кн. 1-14 |
| Том | Кн. 10 |
| Заглавие на том | Българският църковен въпрос |
| Редно поле (дума) | прев. Елисавета Д. Пажева |
| 260 ## - Област на издателските данни | |
| Място на издаване, разпространение и проч. | София |
| Име на издателя, разпространителя и проч. | М-во на нар. просвещението |
| Година на издаване | 1904 - 1931 |
| Печатница | Държ. печ. |
| Дата на отпечатване | 1929 |
| 300 ## - Физическа характеристика | |
| Страници | 113 с. |
| Размери/Мащаб | 19 см |
| 380 ## - Жанр | |
| Жанр | История |
| 490 ## - СЕРИИ (Колекции) | |
| Име на серия | Частна колекция - Академик Михаил Арнаудов |
| Бележки за серията | Дарение - Основен фонд |
| 650 #7 - Допълнително описание по предмет – тема | |
| 9 (RLIN) | 177417 |
| Основно описание – тема или топоним | Църковен въпрос |
| 655 ## - Ключова дума – жанр/разновидност | |
| Данни за жанр/разновидност или ключова дума за фокус | българска история |
| 700 1# - Други автори (авторска отговорност) | |
| Лично име | Елисавета Д. Пажева |
| 9 (RLIN) | 397779 |
| Автороска отговорност (Описва отношението между автора и произведението) | прев. |
| 852 ## - Местоположение | |
| Форматна сигнатура | МА 1061 |
| Фондова буква | Фонд "Михаил Арнаудов" |
| 852 ## - Местоположение | |
| Форматна сигнатура | Цб 9.200.48226 |
| Фондова буква | Основен фонд - ползва се само за читалня |
| 999 ## - СИСТЕМНИ КОНТРОЛНИ НОМЕРА | |
| Koha biblionumber | 345723 |
| Koha biblioitemnumber | 345723 |
| 942 ## - АРТИКУЛИ | |
| Вид на библиотечния материал | Книги |
| Скрит в OPAC | Не |
| Периодичен библиозапис | Да |
| 944 ## - СЪЗДАВАНЕ И РЕДАКЦИЯ на ЗАПИСА | |
| Създаване/Редакция | Създаване |
| Дата на регистрацията/редакция | 1996 |
| Служител, извършил регистрацията/редакцията | 30560 |
| Статус, дата на статуса | Геновева Генчева |
| 944 ## - СЪЗДАВАНЕ И РЕДАКЦИЯ на ЗАПИСА | |
| Създаване/Редакция | Редакция |
| Дата на регистрацията/редакция | 2021-09-03 |
| Код за отписване | Код за изгубен артикул | Източник на класификационната схема | Код за повреда | Коз за рестрикции | Код за отдаване | Артикулен № | Име на библиотеката - собственик | Име на библиотеката, в която се намира в момента | Статус (Текущо местоположение) | Местоположение - отдел | Цена в лева | Номерация (Хронология) | Инвентарен номер | Систематично азбучна сигнатура | Баркод | Номер на екземпляра | Цена в евро | Служебен тип на артикула | Дата на вписване в системата |
|---|---|---|---|---|---|---|---|---|---|---|---|---|---|---|---|---|---|---|---|
| Не е изгубен | Universal Decimal Classification | Не е повреден | без рестрикции | Специални фондове ( старопечатни, редки и ценни, фонд М. Арнаудов) | 742675 | Регионална библиотека "Любен Каравелов" Русе | Регионална библиотека "Любен Каравелов" Русе | Фонд "Михаил Арнаудов" | Фонд "Михаил Арнаудов" | 22.00 | 588457 | МА 1061 | 120000588457 | 8 | 11.25 | Книги | |||
| Не е изгубен | Universal Decimal Classification | Не е повреден | без рестрикции | Специални фондове ( старопечатни, редки и ценни, фонд М. Арнаудов) | 742684 | Регионална библиотека "Любен Каравелов" Русе | Регионална библиотека "Любен Каравелов" Русе | Фонд "Михаил Арнаудов" | Фонд "Михаил Арнаудов" | 22.00 | 590898 | МА 1061 | 120000590898 | 18 | 11.25 | Книги | |||
| Не е изгубен | Universal Decimal Classification | Не е повреден | без рестрикции | Специални фондове ( старопечатни, редки и ценни, фонд М. Арнаудов) | 742696 | Регионална библиотека "Любен Каравелов" Русе | Регионална библиотека "Любен Каравелов" Русе | Фонд "Михаил Арнаудов" | Фонд "Михаил Арнаудов" | 22.00 | 590886 | МА 1061 | 120000590886 | 31 | 11.25 | Книги | |||
| Не е изгубен | Universal Decimal Classification | Не е повреден | само за читалня | ползва се в читалня | 851512 | Регионална библиотека "Любен Каравелов" Русе | Регионална библиотека "Любен Каравелов" Русе | Хранилище | Основен фонд - ползва се само за читалня | 0.23 | 11417/58 | Цб 9.200.48226 | 900000077662 | 0.12 | Книги | 2021-09-10 |